Penyakit berjangkit daripada perspektif Islam & koleksi cerpen (Record no. 141396)
[ view plain ]
| 000 -LEADER | |
|---|---|
| fixed length control field | 00908nam a2200253 i 4500 |
| 001 - CONTROL NUMBER | |
| control field | C2-0344831 |
| 003 - CONTROL NUMBER IDENTIFIER | |
| control field | PPAK |
| 005 - DATE AND TIME OF LATEST TRANSACTION | |
| control field | 20180728145542.0 |
| 008 - FIXED-LENGTH DATA ELEMENTS--GENERAL INFORMATION | |
| fixed length control field | 180114s2017 my a|||| ||||| | may d |
| 020 ## - INTERNATIONAL STANDARD BOOK NUMBER | |
| International Standard Book Number | 9789674403669 |
| 040 ## - CATALOGING SOURCE | |
| Original cataloging agency | PPAK |
| Language of cataloging | eng |
| Transcribing agency | PPAK |
| Description conventions | rda |
| 082 04 - DEWEY DECIMAL CLASSIFICATION NUMBER | |
| Classification number | 297.122861 |
| Edition number | 23 |
| 090 00 - LOCALLY ASSIGNED LC-TYPE CALL NUMBER (OCLC); LOCAL CALL NUMBER (RLIN) | |
| Classification number (OCLC) (R) ; Classification number, CALL (RLIN) (NR) | 297.122861 |
| Feature heading | PEN |
| Feature heading | G |
| 245 00 - TITLE STATEMENT | |
| Title | Penyakit berjangkit daripada perspektif Islam & koleksi cerpen |
| 264 #1 - PRODUCTION, PUBLICATION, DISTRIBUTION, MANUFACTURE, AND COPYRIGHT NOTICE | |
| Place of production, publication, distribution, manufacture | Bandar Baru Nilai, Negeri Sembilan : |
| Name of producer, publisher, distributor, manufacturer | Penerbit Universiti Sains Islam Malaysia , |
| Date of production, publication, distribution, manufacture, or copyright notice | 2017 |
| 300 ## - PHYSICAL DESCRIPTION | |
| Extent | xiii, 208 pages : |
| Other physical details | colour illustrations ; |
| Dimensions | 23 cm |
| 336 ## - CONTENT TYPE | |
| Source | rdacontent |
| Content type term | text |
| 337 ## - MEDIA TYPE | |
| Source | rdamedia |
| Media type term | unmediated |
| 338 ## - CARRIER TYPE | |
| Source | rdacarrier |
| Carrier type term | volume |
| 500 ## - GENERAL NOTE | |
| General note | Includes bibliographical references and index. |
| 650 10 - SUBJECT ADDED ENTRY--TOPICAL TERM | |
| Topical term or geographic name entry element | Medicine - Religious aspects - Islam. ; Medicine in the Qur'an. |
| 700 0# - ADDED ENTRY--PERSONAL NAME | |
| Personal name | Hana Maizuliana Solehan ; Nurul Azmawati Mohamed, |
| Relator term | editor |
| 942 ## - ADDED ENTRY ELEMENTS (KOHA) | |
| -- | dc |
| Koha item type | Book |
| Withdrawn | Not for loan | Current library | Shelving location | Date acquired | Total Checkouts | Total Renewals | Full call number | Barcode | Date last seen | Date last checked out | Koha item type |
|---|---|---|---|---|---|---|---|---|---|---|---|
| Perpustakaan Alor Setar | Pinjaman Dewasa | 29/01/2018 | 3 | 1 | 297.122861 PEN | A01554365 | 23/11/2022 | 21/09/2022 | Book | ||
| Perpustakaan Awam Sungai Petani | Pinjaman Dewasa | 29/01/2018 | 1 | 297.122861 PEN | A01554366 | 04/02/2024 | 30/01/2024 | Book | |||
| Perpustakaan Baling | Pinjaman Dewasa | 29/01/2018 | 297.122861 PEN | A01554370 | 09/05/2018 | Book | |||||
| Perpustakaan Bandar Baharu | Pinjaman Dewasa | 29/01/2018 | 1 | 297.122861 PEN | A01554371 | 13/03/2024 | 20/02/2024 | Book | |||
| Perpustakaan Jitra | Pinjaman Dewasa | 29/01/2018 | 1 | 1 | 297.122861 PEN | A01554367 | 30/11/2022 | 31/10/2022 | Book | ||
| Perpustakaan Kuala Nerang | Pinjaman Dewasa | 29/01/2018 | 297.122861 PEN | A01554375 | 09/05/2018 | Book | |||||
| Perpustakaan Kulim | Pinjaman Dewasa | 29/01/2018 | 297.122861 PEN | A01554369 | 09/05/2018 | Book | |||||
| Perpustakaan Langkawi | Pinjaman Dewasa | 29/01/2018 | 297.122861 PEN | A01554368 | 09/05/2018 | Book | |||||
| Perpustakaan Merbok | Pinjaman Dewasa | 29/01/2018 | 297.122861 PEN | A01554372 | 09/05/2018 | Book | |||||
| Perpustakaan Pendang | Pinjaman Dewasa | 29/01/2018 | 297.122861 PEN | A01554376 | 09/05/2018 | Book | |||||
| Perpustakaan Sik | Pinjaman Dewasa | 29/01/2018 | 297.122861 PEN | A01554374 | 09/05/2018 | Book |